Naruto all Bijus - Statistiques

Statistiques générales
  • Ce quiz a été pris 118 fois
  • Le résultat moyen est 8 sur 10
Statistiques - réponses
Hint Réponse % Correct
9 tails Kurama
99%
2 tails Matatabi
87%
1 tail Shukaku
87%
4 tails Son Goku
86%
3 tails Isobu
75%
7 tails Chomei
74%
6 tails Saiken
73%
8 tails Gyuki
72%
5 tails Kokuo
71%
10 tails Juubi
62%
Aucun quiz correspondant
Distribution des résultats
% des personnes avec chaque résultat
Percentile par nombre de réponses
Votre historique - résultats
Vous n’avez pas pris ce quiz